Entourage Quiz Stats

 Plays Quiz not verified by Sporcle

Challenge
Share
Tweet
Embed
Score 0/25 Timer 07:00
0 Plays Today
Question % Correct
AgentAri Gold
92.9%
Driver/FriendTurtle
92.8%
Main StarVincent Chase
92.3%
Brother of Main StarJohnny Drama
90.8%
Entourage is based on the life ofMark Wahlberg
86.2%
ManagerEric Murphy
83.3%
Director of Queens BoulevardBilly Walsh
76.6%
First Movie Starring Vince: Head On
70.3%
Director of AquamanJames Cameron
65%
Vince's Brothers Hit TV Show: Five Towns
63.4%
Vince's PublicistShauna
58.4%
Turtle's RapperSaigon
56.7%
Director of GatsbyMartin Scorsese
55.7%
Question % Correct
Co-Star in First Movie: Jessica Alba
55.4%
Ari's Business PartnerBarbara Miller
51.2%
Lloyd's BoyfriendTom
49.6%
Ari's Biggest RivalAdam Davies
48.7%
Entourage was created byDoug Ellin
45.8%
Where the Entourage are from: Queens, New York
42.7%
Ari's First AssistantEmily
34.1%
Turtle's Famous GirlfriendJamie-Lynn Sigler
32.7%
Vince's AccountantMarvin
32.5%
Band who sing Entourage intro SuperheroJane's Addiction
19.8%
Where Ari is fromChicago
15.9%
E's New BossMurray Berenson
12.9%

You're not logged in!

Compare scores with friends on all Sporcle quizzes.
Join for Free
OR
Log In

You Might Also Like...

Show Comments

Extras

Created Oct 23, 2009ReportNominate
Tags:Entourage

Top Quizzes Today


Score Distribution

Your Account Isn't Verified!

In order to create a playlist on Sporcle, you need to verify the email address you used during registration. Go to your Sporcle Settings to finish the process.

Report this User

Report this user for behavior that violates our Community Guidelines.

Details: